[Event "27.Schlosspark-Open"]
[Site "Wiesbaden-Biebrich"]
[Date "2015.08.29"]
[Round "5.30"]
[White "Berberich, Christoph"]
[Black "Siegismund, Florian"]
[Result "1/2-1/2"]
[WhiteElo "2059"]
[BlackElo "1869"]
[PlyCount "32"]
[EventDate "2015.??.??"]
[WhiteTeam "SF Zähringen"]
[BlackTeam "SK Bad Schwalbach"]

1. d4 Nf6 2. Nf3 c5 3. e3 cxd4 4. exd4 d5 5. c4 Nc6 6. Nc3 g6 7. h3 Bg7 8. Be3
O-O 9. Qd2 Bf5 10. Nh4 Be6 11. c5 Ne4 12. Nxe4 dxe4 13. Rd1 Bxa2 14. b4 Bd5 15.
b5 Na5 16. Qb4 b6 1/2-1/2

[Event "27.Schlosspark-Open"]
[Site "Wiesbaden-Biebrich"]
[Date "2015.08.29"]
[Round "5.31"]
[White "Fucik, Timo"]
[Black "Hoffmann, Jens"]
[Result "1-0"]
[WhiteElo "2033"]
[BlackElo "1852"]
[PlyCount "85"]
[EventDate "2015.??.??"]
[WhiteTeam "SK Ettlingen"]
[BlackTeam "SF HN-Biberach"]

1. d4 Nf6 2. Bg5 Ne4 3. Bf4 e6 4. f3 Bb4+ 5. c3 Bd6 6. Bxd6 Nxd6 7. e4 f5 8. e5
Nf7 9. Bd3 b6 10. Nd2 Bb7 11. Qe2 Nc6 12. Nh3 g5 13. O-O-O Ne7 14. Kb1 Nd5 15.
Rhf1 Qe7 16. c4 Nb4 17. g4 Nxd3 18. Qxd3 f4 19. Nf2 O-O-O 20. Nde4 Kb8 21. Qc3
d5 22. exd6 cxd6 23. Qb4 Rc8 24. Rfe1 Qd7 25. c5 d5 26. Nc3 Rc6 27. Nd3 Ba6 28.
Na4 Qb7 29. Ne5 Nxe5 30. Rxe5 h6 31. a3 Kc8 32. Rde1 Kd7 33. cxb6 axb6 34.
Rxd5+ exd5 35. Re7+ Kc8 36. Rxb7 Kxb7 37. Qe7+ Rc7 38. Qf6 Bd3+ 39. Ka2 Rc2 40.
Qxb6+ Ka8 41. Qa5+ Kb8 42. Nc5 Bc4+ 43. Kb1 1-0

[Event "27.Schlosspark-Open"]
[Site "Wiesbaden-Biebrich"]
[Date "2015.08.29"]
[Round "5.32"]
[White "Zeyen, Helmut"]
[Black "Muuss, Klaus"]
[Result "1/2-1/2"]
[WhiteElo "1811"]
[BlackElo "2029"]
[PlyCount "116"]
[EventDate "2015.??.??"]
[WhiteTeam "Wiesbadener SV"]
[BlackTeam "VSF Flintbek"]

1. e4 c5 2. Nc3 Nc6 3. f4 e6 4. Bb5 Nge7 5. Nf3 g6 6. O-O Bg7 7. Bxc6 bxc6 8.
d3 O-O 9. Qe1 f5 10. Qh4 d6 11. Ne2 Rb8 12. e5 Nd5 13. Qxd8 Rxd8 14. c3 h6 15.
a3 Ba6 16. c4 Nb6 17. Be3 Na4 18. b4 dxe5 19. Nxe5 Bxe5 20. fxe5 Rxd3 21. Bxh6
Bxc4 22. Rac1 Bd5 23. Nf4 Rxa3 24. bxc5 Kf7 25. Bg5 Nc3 26. Ra1 Rxa1 27. Rxa1
Rb1+ 28. Rxb1 Nxb1 29. Nd3 Nc3 30. Bd2 Ne4 31. Bb4 Ke7 32. Nf2 Ng5 33. h4 Nf7
34. Bc3 Nd8 35. g4 fxg4 36. Nxg4 Nb7 37. Ne3 Kd7 38. Bb4 a5 39. Ba3 a4 40. Kf2
Nd8 41. Kg3 Nf7 42. Kf4 Kc7 43. Nc2 Nh6 44. Kg5 Nf5 45. Bb4 Be4 46. Na3 Nd4 47.
Kf6 Bf5 48. Nc4 Nf3 49. Nb6 Nxh4 50. Nxa4 Nf3 51. Nb6 g5 52. Ba5 Kb7 53. Nc4 g4
54. Nd6+ Ka6 55. Nxf5 Kxa5 56. Kxe6 Kb5 57. Kd6 Nxe5 58. Kxe5 Kxc5 1/2-1/2

[Event "27.Schlosspark-Open"]
[Site "Wiesbaden-Biebrich"]
[Date "2015.08.29"]
[Round "5.33"]
[White "Kolker, Vladislav"]
[Black "Kirschner, Philipp"]
[Result "1-0"]
[WhiteElo "2021"]
[BlackElo "1646"]
[PlyCount "65"]
[EventDate "2015.??.??"]
[WhiteTeam "SC Bad Nauheim"]
[BlackTeam "Sfr. Kelkheim"]

1. e4 Nf6 2. d3 d5 3. Nd2 e5 4. Ngf3 Nc6 5. g3 Bc5 6. Bg2 Be6 7. O-O Qd7 8. c3
a5 9. exd5 Nxd5 10. Ng5 Ne3 11. Nxe6 Nxd1 12. Nxc5 Qe7 13. Nxb7 Nd8 14. Nxd8
Rxd8 15. Bc6+ Kf8 16. Rxd1 Rxd3 17. Be4 Rd8 18. Re1 Qc5 19. Nf3 f6 20. Be3 Qc4
21. Nd2 Qb5 22. b3 a4 23. c4 Qb4 24. a3 Qc3 25. Rec1 Qb2 26. Rcb1 Qc3 27. Bc5+
Kf7 28. Bb4 Qd4 29. Bd5+ Kg6 30. bxa4 c5 31. Nb3 Qxa1 32. Rxa1 cxb4 33. axb4
1-0

[Event "27.Schlosspark-Open"]
[Site "Wiesbaden-Biebrich"]
[Date "2015.08.29"]
[Round "5.34"]
[White "Zeyer, Oliver"]
[Black "Bühler, Severin"]
[Result "1-0"]
[WhiteElo "2001"]
[BlackElo "1622"]
[PlyCount "29"]
[EventDate "2015.??.??"]
[WhiteTeam "SF HN-Biberach"]
[BlackTeam "SK Schwäbisch Hall"]

1. e4 c5 2. Nf3 d6 3. d4 cxd4 4. Nxd4 Nf6 5. Nc3 a6 6. h3 e6 7. g4 g6 8. Be3
Bg7 9. Qd2 Qc7 10. O-O-O b5 11. Bg2 Bb7 12. Ndxb5 axb5 13. Nxb5 Qe7 14. Nxd6+
Kf8 15. Nxb7 1-0

[Event "27.Schlosspark-Open"]
[Site "Wiesbaden-Biebrich"]
[Date "2015.08.29"]
[Round "5.35"]
[White "Puschendorf, Steffen"]
[Black "Mangei, Jasmin"]
[Result "1-0"]
[WhiteElo "2130"]
[BlackElo "1867"]
[PlyCount "153"]
[EventDate "2015.??.??"]
[WhiteTeam "ESV Gera"]
[BlackTeam "SC Untergrombach"]

1. d4 d5 2. c4 e6 3. Nf3 Nf6 4. g3 Be7 5. Bg2 O-O 6. Qc2 b6 7. O-O Bb7 8. cxd5
Nxd5 9. a3 Nd7 10. Rd1 Rc8 11. e4 N5f6 12. Nc3 c5 13. d5 exd5 14. exd5 Bd6 15.
Nh4 Ne5 16. Nf5 a6 17. Bg5 h6 18. Bh4 Ng6 19. Ne4 Nxh4 20. Nexd6 Nxf5 21. Nxb7
Qd7 22. d6 Nd4 23. Qd3 Qa4 24. b4 Nd7 25. bxc5 bxc5 26. Bd5 Nc6 27. Rab1 Rb8
28. Rdc1 Nce5 29. Qc3 Rfc8 30. Na5 Rb5 31. Nc4 Nxc4 32. Qxc4 Qxc4 33. Bxc4 Ra5
34. Rc3 Ne5 35. Be2 Rd8 36. Rb6 c4 37. f4 Nd7 38. Rc6 Nb8 39. Rc7 Rd5 40. Bxc4
R5xd6 41. Bxf7+ Kf8 42. Bb3 Nd7 43. Ra7 Rb8 44. Ba4 Rd2 45. Rc1 Nc5 46. Bc6
Rbb2 47. Re1 Re2 48. Rxe2 Rxe2 49. Bd5 Re7 50. Ra8+ Re8 51. Rxe8+ Kxe8 52. Kf2
Ke7 53. Ke3 Kd6 54. Bc4 a5 55. Kd4 Nd7 56. g4 Nf6 57. h3 Nh7 58. Ke4 g6 59. Be2
Nf6+ 60. Kd4 Nd5 61. f5 gxf5 62. gxf5 Nf4 63. Bf1 Nh5 64. Kc4 Kc6 65. Bg2+ Kb6
66. Bf3 Nf6 67. Kd4 Kb5 68. Ke5 Nh7 69. f6 Ka4 70. f7 Kxa3 71. Kf5 Kb4 72. Bd5
Kc5 73. Ba2 Kd6 74. Kg6 Nf8+ 75. Kxh6 Ke7 76. Kg7 a4 77. h4 1-0

[Event "27.Schlosspark-Open"]
[Site "Wiesbaden-Biebrich"]
[Date "2015.08.29"]
[Round "5.37"]
[White "Karsay, Pascal"]
[Black "Mönch, Dietmar"]
[Result "1/2-1/2"]
[WhiteElo "2071"]
[BlackElo "1798"]
[PlyCount "59"]
[EventDate "2015.??.??"]
[WhiteTeam "Vorw.Orient Mainz"]
[BlackTeam "vereinslos"]

1. e4 c5 2. Nf3 d6 3. d4 cxd4 4. Nxd4 Nf6 5. Nc3 a6 6. Bc4 e6 7. a3 Be7 8. O-O
O-O 9. Be3 b5 10. Bb3 Bd7 11. f4 Nc6 12. f5 Nxd4 13. Bxd4 exf5 14. exf5 Bc6 15.
Qd3 Re8 16. Rad1 d5 17. Kh1 Qd6 18. Bxf6 Bxf6 19. Bxd5 Bxd5 20. Nxd5 Rad8 21.
c3 Qe5 22. Nxf6+ Qxf6 23. Qf3 Rxd1 24. Rxd1 h6 25. h3 Re5 26. Rd5 Re1+ 27. Kh2
Qb6 28. Rd3 Qg1+ 29. Kg3 Rf1 30. Qe3 1/2-1/2

[Event "27.Schlosspark-Open"]
[Site "Wiesbaden-Biebrich"]
[Date "2015.08.29"]
[Round "5.38"]
[White "Davidov, Georgi"]
[Black "Seickel, Ralf"]
[Result "0-1"]
[WhiteElo "1780"]
[BlackElo "2046"]
[PlyCount "90"]
[EventDate "2015.??.??"]
[WhiteTeam "SC Rotenburg"]
[BlackTeam "vereinslos"]

1. e4 c5 2. Nf3 d6 3. Bb5+ Nc6 4. b3 Bd7 5. Bb2 Nf6 6. Qe2 e5 7. Bxc6 Bxc6 8.
d3 g6 9. O-O Bg7 10. c4 O-O 11. Nc3 Nh5 12. g3 f5 13. Nd2 Qg5 14. h4 Qd8 15.
Nd5 f4 16. Kg2 Bd7 17. Kh2 Bh6 18. Rae1 Bc8 19. Rg1 f3 20. Qd1 g5 21. g4 Nf6
22. Ne3 Kh8 23. Nf5 Bxf5 24. exf5 Rg8 25. h5 Qc7 26. Qxf3 Bg7 27. Ne4 h6 28.
Qe3 Raf8 29. Nxg5 hxg5 30. Qxg5 Nh7 31. Qe3 Qe7 32. Qg3 Bh6 33. Bc1 Bxc1 34.
Rxc1 Rxf5 35. gxf5 Rxg3 36. fxg3 Qg5 37. Kg2 Qxf5 38. Rcf1 Qxd3 39. Rf2 Qe4+
40. Kh2 Qg4 41. Rgf1 Qxh5+ 42. Kg2 Kg7 43. Rd2 Ng5 44. Rxd6 Qe2+ 45. Rf2 Qxf2+
0-1

[Event "27.Schlosspark-Open"]
[Site "Wiesbaden-Biebrich"]
[Date "2015.08.29"]
[Round "5.39"]
[White "Seidel, Jürgen"]
[Black "Schellen, Sven"]
[Result "1/2-1/2"]
[WhiteElo "2029"]
[BlackElo "1796"]
[PlyCount "72"]
[EventDate "2015.??.??"]
[WhiteTeam "TuS Dotzheim"]
[BlackTeam "SF Frankfurt"]

1. Nf3 Nf6 2. g3 g6 3. Bg2 Bg7 4. O-O O-O 5. d4 c5 6. e3 cxd4 7. exd4 d6 8. c4
Qc7 9. b3 b6 10. Bb2 Bb7 11. d5 Nbd7 12. Re1 Rfe8 13. Nc3 a6 14. Nd4 Nf8 15.
Rc1 e5 16. Nc6 Bc8 17. b4 Bf5 18. a4 Bh6 19. Ra1 N8d7 20. h3 Nb8 21. a5 Bd7 22.
Qf3 Bg7 23. axb6 Qxb6 24. b5 e4 25. Nxe4 Nxe4 26. Bxg7 Qxf2+ 27. Qxf2 Nxf2 28.
Rxe8+ Bxe8 29. Bh6 Nd3 30. b6 Nc5 31. Ne7+ Kh8 32. Be3 Nbd7 33. Bd4+ f6 34. g4
Kg7 35. g5 Kf7 36. gxf6 Nxb6 1/2-1/2

[Event "27.Schlosspark-Open"]
[Site "Wiesbaden-Biebrich"]
[Date "2015.08.29"]
[Round "5.40"]
[White "Muckle, Richard"]
[Black "Steimbach, Isabel"]
[Result "1/2-1/2"]
[WhiteElo "1719"]
[BlackElo "1984"]
[PlyCount "142"]
[EventDate "2015.??.??"]
[WhiteTeam "SK Ludwigshafen"]
[BlackTeam "OSG Baden-Baden"]

1. d4 d5 2. e3 Nf6 3. Be2 e6 4. Nf3 Be7 5. O-O O-O 6. c4 b6 7. Nc3 Bb7 8. cxd5
exd5 9. Bd2 Nbd7 10. Rc1 Ne4 11. Nxe4 dxe4 12. Ne5 Nxe5 13. dxe5 c5 14. Bc3 a6
15. Qb3 Bd5 16. Bc4 Bxc4 17. Qxc4 Qd3 18. Qb3 b5 19. Rfd1 Qe2 20. Qc2 Qxc2 21.
Rxc2 Rfd8 22. Rdc1 a5 23. Kf1 Rd3 24. Ke2 Bg5 25. Be1 Be7 26. Bc3 b4 27. Be1
Rd5 28. e6 f5 29. a3 Re5 30. Ra1 Rxe6 31. axb4 cxb4 32. b3 Re5 33. Rc4 Rd8 34.
Rc2 Rd3 35. Rb1 Red5 36. Ra2 Bf6 37. Rc2 Kf7 38. g3 Kg6 39. Rc6 Kf7 40. h4 Kg6
41. Rc2 Bc3 42. Ra2 Bxe1 43. Kxe1 Rc3 44. Ke2 Rdd3 45. Rab2 Kh5 46. Kf1 Kg4 47.
Kg2 h6 48. Ra2 Rxb3 49. Rxb3 Rxb3 50. Rxa5 Rb1 51. Rb5 b3 52. Ra5 b2 53. Rb5 g5
54. hxg5 Kxg5 55. Rb6 Kh5 56. Kh2 Kg5 57. Kg2 h5 58. Kh2 h4 59. gxh4+ Kxh4 60.
Kg2 Kg5 61. Rb8 Kf6 62. Rb5 Ke6 63. Rb6+ Kd5 64. Rb8 Kc4 65. Rc8+ Kb5 66. Rb8+
Kc6 67. Rb3 Kc5 68. Rb8 Kc4 69. Rc8+ Kd3 70. Rb8 Ke2 71. Rb7 Kd2 1/2-1/2

[Event "27.Schlosspark-Open"]
[Site "Wiesbaden-Biebrich"]
[Date "2015.08.29"]
[Round "5.41"]
[White "Bajorski, Marius"]
[Black "Färber, David"]
[Result "1/2-1/2"]
[WhiteElo "1764"]
[BlackElo "1957"]
[PlyCount "40"]
[EventDate "2015.??.??"]
[WhiteTeam "SV Hofheim"]
[BlackTeam "SV Walldorf"]

1. e4 c6 2. d4 d5 3. Nc3 dxe4 4. Nxe4 Bf5 5. Ng3 Bg6 6. h4 h6 7. Nf3 Nd7 8. h5
Bh7 9. Bd3 Bxd3 10. Qxd3 e6 11. Bd2 Ngf6 12. O-O-O Be7 13. Ne4 Nxe4 14. Qxe4
Nf6 15. Qe2 O-O 16. Kb1 Qd5 17. Qe5 Rfd8 18. Rde1 Qxe5 19. dxe5 Nh7 20. Be3 Rd5
1/2-1/2

[Event "27.Schlosspark-Open"]
[Site "Wiesbaden-Biebrich"]
[Date "2015.08.29"]
[Round "5.42"]
[White "Francke, Helmut"]
[Black "Roß, Norbert"]
[Result "1/2-1/2"]
[WhiteElo "1961"]
[BlackElo "1772"]
[PlyCount "55"]
[EventDate "2015.??.??"]
[WhiteTeam "SC Bad Nauheim"]
[BlackTeam "SV Oberursel"]

1. Nf3 d5 2. g3 c6 3. b3 Bg4 4. Bg2 Nd7 5. Bb2 Ngf6 6. d3 e6 7. Nbd2 Be7 8. O-O
O-O 9. h3 Bh5 10. c4 a5 11. a3 a4 12. b4 Re8 13. Qc2 Qb6 14. c5 Qc7 15. Rac1
Bf8 16. Nb1 Ra7 17. Nc3 Rea8 18. e4 Bxf3 19. Bxf3 d4 20. Ne2 e5 21. Bg2 Ne8 22.
Qc4 Rd8 23. f4 g6 24. Rf3 Bg7 25. Rcf1 b5 26. cxb6 Nxb6 27. Qc2 Nd7 28. Rc1
1/2-1/2

[Event "27.Schlosspark-Open"]
[Site "Wiesbaden-Biebrich"]
[Date "2015.08.29"]
[Round "5.43"]
[White "Schneider, Lutz"]
[Black "Krüger, Stefan"]
[Result "1/2-1/2"]
[WhiteElo "1747"]
[BlackElo "1951"]
[PlyCount "43"]
[EventDate "2015.??.??"]
[WhiteTeam "Vorw.Orient Mainz"]
[BlackTeam "SF Leherheide"]

1. e4 c5 2. Nf3 Nc6 3. c3 Nf6 4. e5 Nd5 5. Bc4 e6 6. d4 cxd4 7. cxd4 d6 8. O-O
Be7 9. Nc3 Nxc3 10. bxc3 dxe5 11. dxe5 Qxd1 12. Rxd1 O-O 13. Be3 b6 14. Bb5 Na5
15. Nd4 Bb7 16. Be2 Bd5 17. Nb5 Nc4 18. Bf4 Rfc8 19. Rac1 Nb2 20. Rd2 Nc4 21.
Rdd1 Nb2 22. Rd2 1/2-1/2

[Event "27.Schlosspark-Open"]
[Site "Wiesbaden-Biebrich"]
[Date "2015.08.29"]
[Round "5.44"]
[White "Cichy, Michael"]
[Black "Zerhusen, Martin"]
[Result "1-0"]
[WhiteElo "1948"]
[BlackElo "1768"]
[PlyCount "69"]
[EventDate "2015.??.??"]
[WhiteTeam "SC BS Gliesmarode"]
[BlackTeam "SV Oberursel"]

1. d4 d5 2. Nf3 Nf6 3. c4 c6 4. Nc3 e6 5. Bg5 Be7 6. e3 O-O 7. Qc2 Nbd7 8.
O-O-O a6 9. cxd5 cxd5 10. Bd3 h6 11. h4 b5 12. Kb1 Bb7 13. Bxf6 Bxf6 14. g4 Be7
15. g5 h5 16. g6 f5 17. Ng5 Bxg5 18. hxg5 Qe8 19. Rxh5 Qxg6 20. Rdh1 Rac8 21.
Qd1 Kf7 22. f4 Nb6 23. Be2 Ke7 24. Rh7 Rg8 25. Qb3 Nc4 26. Qb4+ Kd7 27. b3 Nxe3
28. R7h3 Ng4 29. Nxb5 axb5 30. Bxb5+ Bc6 31. Rc3 Qe8 32. Rxc6 Rxc6 33. Bxc6+
Kxc6 34. Rc1+ Kd7 35. Qb7+ 1-0

[Event "27.Schlosspark-Open"]
[Site "Wiesbaden-Biebrich"]
[Date "2015.08.29"]
[Round "5.45"]
[White "Büse, Ralf"]
[Black "Zimmer, Gerald"]
[Result "1/2-1/2"]
[WhiteElo "1723"]
[BlackElo "1934"]
[PlyCount "31"]
[EventDate "2015.??.??"]
[WhiteTeam "SC Groß-Zimmern"]
[BlackTeam "SC Bergen-Enkheim"]

1. d4 e6 2. Bf4 b6 3. Nf3 Bb7 4. e3 Nf6 5. h3 d6 6. Nbd2 Nbd7 7. Be2 h6 8. O-O
g5 9. Bg3 Qe7 10. c4 Bg7 11. b4 c5 12. bxc5 dxc5 13. Qb3 O-O 14. Rad1 Rfd8 15.
Rfe1 Rac8 16. a4 1/2-1/2

[Event "27.Schlosspark-Open"]
[Site "Wiesbaden-Biebrich"]
[Date "2015.08.29"]
[Round "5.46"]
[White "Neukirchner, Pascal"]
[Black "Wilke, Tabea"]
[Result "1-0"]
[WhiteElo "1932"]
[BlackElo "1759"]
[PlyCount "67"]
[EventDate "2015.??.??"]
[WhiteTeam "SK Gründau"]
[BlackTeam "SC Hattersheim"]

1. Nf3 Nf6 2. d4 g6 3. c4 Bg7 4. Nc3 d6 5. e4 O-O 6. Be2 Nbd7 7. h3 c5 8. d5
Nb6 9. a4 Bd7 10. a5 Nc8 11. Bg5 a6 12. Qd2 b6 13. axb6 Qxb6 14. O-O e6 15.
Rfd1 Re8 16. Bh6 Bh8 17. g4 exd5 18. exd5 Qd8 19. Bd3 Nb6 20. Re1 Rxe1+ 21.
Rxe1 Qc8 22. Qf4 Bxg4 23. hxg4 Qxg4+ 24. Qxg4 Nxg4 25. Bf4 Nd7 26. Bxd6 h5 27.
Re7 Bxc3 28. bxc3 Ndf6 29. Ne5 Nh6 30. Bxc5 h4 31. Bd4 g5 32. Nxf7 Nxf7 33.
Bxf6 a5 34. Bg6 1-0

[Event "27.Schlosspark-Open"]
[Site "Wiesbaden-Biebrich"]
[Date "2015.08.29"]
[Round "5.47"]
[White "Starkbaum, Michael"]
[Black "Rump, Andreas"]
[Result "0-1"]
[WhiteElo "1720"]
[BlackElo "1927"]
[PlyCount "58"]
[EventDate "2015.??.??"]
[WhiteTeam "Kreuznacher SV"]
[BlackTeam "SG Idstein"]

1. d4 Nf6 2. c4 e6 3. Nf3 b6 4. g3 Bb7 5. Bg2 Bb4+ 6. Nbd2 O-O 7. O-O d5 8. a3
Be7 9. cxd5 exd5 10. Qc2 Nbd7 11. Nb3 Bd6 12. Bg5 h6 13. Bd2 Rc8 14. Rac1 a5
15. Bc3 Ne4 16. Nbd2 c5 17. Nxe4 dxe4 18. Ne5 cxd4 19. Bxe4 Bxe4 20. Qxe4 dxc3
21. Nxd7 Qxd7 22. bxc3 Bxa3 23. Rfd1 Qe6 24. Qxe6 fxe6 25. Rb1 Bc5 26. e3 Rfd8
27. Rdc1 a4 28. c4 Rd2 29. Ra1 a3 0-1

[Event "27.Schlosspark-Open"]
[Site "Wiesbaden-Biebrich"]
[Date "2015.08.29"]
[Round "5.48"]
[White "van Bömmel, Philipp"]
[Black "Kobs, Stephan"]
[Result "0-1"]
[WhiteElo "1714"]
[BlackElo "1920"]
[PlyCount "34"]
[EventDate "2015.??.??"]
[WhiteTeam "SC Hattersheim"]
[BlackTeam "Hildesheimer SV"]

1. f4 Nf6 2. Nf3 g6 3. g3 Bg7 4. Bg2 O-O 5. O-O d5 6. d3 c6 7. Qe1 Nbd7 8. c3
Qc7 9. e4 dxe4 10. dxe4 e5 11. Kh1 b6 12. Qe2 a5 13. Na3 Ba6 14. c4 Rae8 15.
Re1 Bb7 16. Nh4 Nc5 17. f5 Ncxe4 0-1

[Event "27.Schlosspark-Open"]
[Site "Wiesbaden-Biebrich"]
[Date "2015.08.29"]
[Round "5.49"]
[White "Krastev, Alexander"]
[Black "Buhr, Patrick"]
[Result "1-0"]
[WhiteElo "1900"]
[BlackElo "1746"]
[PlyCount "97"]
[EventDate "2015.??.??"]
[WhiteTeam "Biebertaler SF"]
[BlackTeam "SC Heimbach-Weis"]

1. e4 c6 2. d4 d5 3. Nc3 dxe4 4. Nxe4 Bf5 5. Ng3 Bg6 6. Nf3 Nd7 7. h4 h6 8. h5
Bh7 9. Bd3 Bxd3 10. Qxd3 Ngf6 11. Bd2 e6 12. O-O-O Bd6 13. Ne4 Nxe4 14. Qxe4
Nf6 15. Qe2 Qc7 16. Ne5 O-O-O 17. Kb1 Kb8 18. f4 Rhe8 19. Rh3 Nd5 20. c4 Nf6
21. Bc3 Re7 22. Rg3 Bxe5 23. fxe5 Ne8 24. Rf3 f5 25. Rf4 Red7 26. g4 Rf7 27.
gxf5 exf5 28. Rdf1 Qe7 29. Rxf5 Rxf5 30. Rxf5 Nc7 31. Qf3 a6 32. Rf7 Qg5 33.
Ba5 Rc8 34. Bxc7+ Rxc7 35. Rxc7 Kxc7 36. Qf7+ Kc8 37. Qf8+ Kd7 38. Qd6+ Kc8 39.
a3 Qxh5 40. Qf8+ Kd7 41. Qxg7+ Kc8 42. Qf8+ Kd7 43. Qd6+ Kc8 44. e6 Qg6+ 45.
Ka2 Qe8 46. e7 Qd7 47. Qf6 Qe8 48. Qe6+ Kc7 49. d5 1-0

[Event "27.Schlosspark-Open"]
[Site "Wiesbaden-Biebrich"]
[Date "2015.08.29"]
[Round "5.50"]
[White "Schmidt, Volker"]
[Black "Mang, Markus"]
[Result "1-0"]
[WhiteElo "1892"]
[BlackElo "1724"]
[PlyCount "55"]
[EventDate "2015.??.??"]
[WhiteTeam "TuS Dotzheim"]
[BlackTeam "SG Kaiserslautern"]

1. c4 Nf6 2. Nc3 g6 3. g3 Bg7 4. Bg2 O-O 5. e4 d6 6. Nge2 e5 7. O-O c6 8. d3
Nbd7 9. Rb1 a6 10. a4 Nc5 11. h3 Ne6 12. Be3 Rb8 13. b4 Bd7 14. Qd2 Re8 15. f4
Qc8 16. f5 gxf5 17. exf5 Nd4 18. g4 c5 19. Ng3 Bc6 20. Nd5 Nxd5 21. cxd5 Bxa4
22. f6 Bf8 23. Bh6 Kh8 24. Bxf8 Rxf8 25. Qh6 Rg8 26. Be4 Rg6 27. Bxg6 fxg6 28.
Qg7# 1-0

[Event "27.Schlosspark-Open"]
[Site "Wiesbaden-Biebrich"]
[Date "2015.08.29"]
[Round "5.51"]
[White "Kirchner, Markus"]
[Black "Fröhlich-Dill, Astrid"]
[Result "1/2-1/2"]
[WhiteElo "1633"]
[BlackElo "1890"]
[PlyCount "57"]
[EventDate "2015.??.??"]
[WhiteTeam "SF Schöneck"]
[BlackTeam "SV Hofheim"]

1. e4 c5 2. Nf3 Nc6 3. d4 cxd4 4. Nxd4 e6 5. Nb5 d6 6. c4 a6 7. N5c3 Nf6 8. Be3
Be7 9. Nd2 Ne5 10. Be2 Bd7 11. O-O O-O 12. f4 Ng6 13. Rc1 Rc8 14. Bd3 Bc6 15.
Bb1 d5 16. cxd5 exd5 17. e5 Ne8 18. Nf3 f5 19. Kh1 Nc7 20. Nd4 Bd7 21. Qb3 Kh8
22. Nxd5 Nxd5 23. Qxd5 Qe8 24. Rxc8 Bxc8 25. e6 Bf6 26. Bxf5 Bxd4 27. Bxg6 Qxg6
28. f5 Bxe6 29. Qxd4 1/2-1/2

[Event "27.Schlosspark-Open"]
[Site "Wiesbaden-Biebrich"]
[Date "2015.08.29"]
[Round "5.52"]
[White "Lesny, Florian"]
[Black "Donecker, Stefan"]
[Result "1/2-1/2"]
[WhiteElo "1684"]
[BlackElo "1879"]
[PlyCount "51"]
[EventDate "2015.??.??"]
[WhiteTeam "SK Niederbrechen"]
[BlackTeam "TuS Dotzheim"]

1. e4 d5 2. exd5 Nf6 3. Nf3 Nxd5 4. d4 Bg4 5. Be2 e6 6. O-O Be7 7. h3 Bxf3 8.
Bxf3 c6 9. c4 Nb6 10. b3 O-O 11. Bb2 Bf6 12. Na3 a5 13. Nc2 a4 14. Qd3 axb3 15.
axb3 Rxa1 16. Rxa1 N8d7 17. Be4 h6 18. Bc3 Qc7 19. Qe3 Ra8 20. Rxa8+ Nxa8 21.
Ne1 Qb6 22. Bc2 Nc7 23. Nf3 Na6 24. Qe4 g6 25. Ne5 Nxe5 26. dxe5 1/2-1/2

[Event "27.Schlosspark-Open"]
[Site "Wiesbaden-Biebrich"]
[Date "2015.08.29"]
[Round "5.53"]
[White "Eg, Karlheinz"]
[Black "Diener, Carolin Valeria"]
[Result "1-0"]
[WhiteElo "1869"]
[BlackElo "1722"]
[PlyCount "67"]
[EventDate "2015.??.??"]
[WhiteTeam "SV Rüsselsheim"]
[BlackTeam "SK Bad Homburg"]

1. e4 e5 2. Nf3 Nc6 3. Bb5 a6 4. Ba4 Nf6 5. O-O b5 6. Bb3 Be7 7. Re1 d6 8. c3
O-O 9. h3 Na5 10. Bc2 c5 11. d4 Qc7 12. Nbd2 cxd4 13. cxd4 Nc6 14. d5 Na5 15.
b3 Nd7 16. Ba3 Nb6 17. Rc1 Qd8 18. Nf1 f5 19. Qd2 fxe4 20. Bxe4 Nb7 21. Qd3 h6
22. Ng3 Nd7 23. Nf5 Ndc5 24. Nxe7+ Qxe7 25. Bxc5 Nxc5 26. Rxc5 dxc5 27. d6 Qa7
28. Qd5+ Kh8 29. Qxa8 Qxa8 30. Bxa8 Bxh3 31. gxh3 Rxa8 32. Nxe5 Kg8 33. Nc6 Kf8
34. d7 1-0

[Event "27.Schlosspark-Open"]
[Site "Wiesbaden-Biebrich"]
[Date "2015.08.29"]
[Round "5.54"]
[White "Launert, Martin"]
[Black "Kunkel, Wolfgang"]
[Result "1-0"]
[WhiteElo "1846"]
[BlackElo "1705"]
[PlyCount "87"]
[EventDate "2015.??.??"]
[WhiteTeam "Sfr. Erbach"]
[BlackTeam "SK Gießen"]

1. e4 e5 2. Nf3 f5 3. d3 d6 4. Nc3 Nf6 5. exf5 Bxf5 6. Nh4 Be6 7. Be2 Qd7 8. d4
exd4 9. Qxd4 Nc6 10. Qa4 Be7 11. Nf3 O-O 12. Bd2 a6 13. O-O b5 14. Qh4 d5 15.
Bd3 Ne4 16. Bg5 Rxf3 17. Nxe4 Rxd3 18. cxd3 dxe4 19. Bxe7 Nxe7 20. dxe4 Ng6 21.
Qg3 c5 22. Rfd1 Qe7 23. f4 Nf8 24. Rf1 Rd8 25. b3 c4 26. f5 Rd3 27. Qf4 Bf7 28.
e5 Qc5+ 29. Kh1 Bd5 30. e6 c3 31. Rae1 Rd2 32. Rg1 Qc6 33. Qg3 Nxe6 34. fxe6
Bxe6 35. Qb8+ Kf7 36. Ref1+ Kg6 37. Qg3+ Kh6 38. Qe3+ Kg6 39. Rc1 Bd5 40. Qg3+
Kh6 41. h4 Qf6 42. Rxc3 Rxg2 43. Rxg2 Qf1+ 44. Kh2 1-0

[Event "27.Schlosspark-Open"]
[Site "Wiesbaden-Biebrich"]
[Date "2015.08.29"]
[Round "5.55"]
[White "Pade, Joachim"]
[Black "Weiland, Thomas"]
[Result "0-1"]
[WhiteElo "1676"]
[BlackElo "1832"]
[PlyCount "102"]
[EventDate "2015.??.??"]
[WhiteTeam "SC Butzbach"]
[BlackTeam "SV Oberursel"]

1. e4 d5 2. exd5 Qxd5 3. Nc3 Qd8 4. d4 Nf6 5. Nf3 Bf5 6. Bc4 e6 7. O-O Be7 8.
Bg5 O-O 9. Ne5 Nbd7 10. f4 c6 11. h3 h6 12. Bh4 Nd5 13. Bxe7 Qxe7 14. Bxd5 exd5
15. g4 Bh7 16. Qd2 f6 17. Nf3 Rfe8 18. Rae1 Qd6 19. f5 Nb6 20. b3 Nd7 21. Qg2
Nf8 22. h4 b6 23. Nh2 Qd7 24. Nd1 Rxe1 25. Rxe1 Re8 26. Rxe8 Qxe8 27. Qf2 Qe4
28. Nc3 Qe8 29. Qe2 Qb8 30. Qf3 Qd6 31. a4 a6 32. Ne2 b5 33. axb5 axb5 34. Qg3
Qe7 35. Nc3 b4 36. Na4 Qe4 37. Qf2 Nd7 38. Nc5 Nxc5 39. dxc5 h5 40. g5 Bxf5 41.
gxf6 gxf6 42. Qg3+ Kh7 43. Nf1 d4 44. Qc7+ Kg6 45. Qg3+ Kh6 46. Nd2 Qg4 47.
Qxg4 hxg4 48. Nc4 Bxc2 49. Na5 Be4 50. Nc4 Kh5 51. Nd6 f5 0-1

[Event "27.Schlosspark-Open"]
[Site "Wiesbaden-Biebrich"]
[Date "2015.08.29"]
[Round "5.56"]
[White "Jordake, Michael"]
[Black "Jakesevic, Ivan"]
[Result "1-0"]
[WhiteElo "1820"]
[BlackElo "1606"]
[PlyCount "67"]
[EventDate "2015.??.??"]
[WhiteTeam "SC Bergen-Enkheim"]
[BlackTeam "FC Bierstadt"]

1. Nc3 d5 2. e4 Nf6 3. e5 Ne4 4. Nce2 e6 5. d4 h6 6. f3 Ng5 7. Be3 Nc6 8. Ng3
Bb4+ 9. c3 Be7 10. Bd3 f5 11. N1e2 Nf7 12. Nf4 g5 13. Ng6 Rg8 14. Nxe7 Qxe7 15.
Nh5 Kd8 16. Nf6 Rg7 17. Bb5 a6 18. Be2 Bd7 19. a3 Nh8 20. c4 dxc4 21. Bxc4 b5
22. Ba2 Ng6 23. O-O Nf8 24. f4 Nh7 25. Nh5 Rg8 26. d5 Kc8 27. dxc6 Bxc6 28. Rf2
Kb7 29. Rc1 Rac8 30. Rxc6 Kxc6 31. Qf3+ Kd7 32. Rd2+ Ke8 33. Qc6+ Kf8 34. Bc5
1-0

[Event "27.Schlosspark-Open"]
[Site "Wiesbaden-Biebrich"]
[Date "2015.08.29"]
[Round "5.57"]
[White "Lehmann, Tim"]
[Black "Pravez, Luca"]
[Result "0-1"]
[WhiteElo "1560"]
[BlackElo "1816"]
[PlyCount "68"]
[EventDate "2015.??.??"]
[WhiteTeam "SV Lahn Limburg"]
[BlackTeam "SSV Bruchsal"]

1. e4 e5 2. Nf3 Nc6 3. Bc4 Nf6 4. Ng5 Bc5 5. Nxf7 Bxf2+ 6. Kxf2 Nxe4+ 7. Kf1
Qh4 8. Qe1 Ng3+ 9. Qxg3 Qxc4+ 10. d3 Qxf7+ 11. Ke2 O-O 12. Be3 d5 13. Nd2 Qh5+
14. Ke1 Nb4 15. Rc1 Nxa2 16. Ra1 Nb4 17. Rc1 b6 18. Bg5 Na2 19. Ra1 Nb4 20. Rc1
Nc6 21. Nf3 Bg4 22. Qh4 Bxf3 23. gxf3 Qxh4+ 24. Bxh4 Rxf3 25. Rg1 Raf8 26. Kd2
Nd4 27. Bg3 R3f7 28. Ra1 Nf3+ 29. Kc3 Nxg1 30. Rxg1 Rf1 31. Rg2 Re8 32. h4 c5
33. Re2 e4 34. dxe4 Rf3+ 0-1